Marketing management / (Record no. 40550)
[ view plain ]
| 000 -LEADER | |
|---|---|
| fixed length control field | 00565 a2200193 4500 |
| 005 - DATE AND TIME OF LATEST TRANSACTION | |
| control field | 20100810101119.0 |
| 010 ## - LCCN (DPL NO) | |
| LC control number | ENG-99280 |
| 020 ## - INTERNATIONAL STANDARD BOOK NUMBER | |
| Terms of availability | 150. |
| International Standard Book Number | 9789380060781 |
| 035 ## - SYSTEM CONTROL NUMBER | |
| System control number | EN-82811 |
| 037 ## - SOURCE OF ACQUISITION | |
| Source of stock number/acquisition | DBAD/PUB |
| 082 ## - DEWEY DECIMAL CLASSIFICATION NUMBER | |
| Classification number | 658 |
| 100 ## - MAIN ENTRY--PERSONAL NAME | |
| Personal name | Murlidharan, D. |
| 245 ## - TITLE STATEMENT | |
| Title | Marketing management / |
| Statement of responsibility, etc | by D. Murlidharan |
| 260 ## - PUBLICATION, DISTRIBUTION, ETC. (IMPRINT) | |
| Place of publication, distribution, etc | Salem |
| Name of publisher, distributor, etc | M. S. K. Publications |
| Date of publication, distribution, etc | 2009 |
| 270 ## - ADDRESS | |
| Address | 3/189E, Athanoor, Amman Koil St. Masinaganptti-P.o., Ayyothiyapattinam |
| City | Salem |
| Postal code | 636103 |
| 300 ## - PHYSICAL DESCRIPTION | |
| Extent | 106 p. |
| Dimensions | 21cm.(pbk) |
| 700 ## - ADDED ENTRY--PERSONAL NAME | |
| 9 (RLIN) | 9757 |
| 942 ## - ADDED ENTRY ELEMENTS (KOHA) | |
| Institution code [OBSOLETE] | dpl |
| Item type | English Books |
| Source of classification or shelving scheme | Dewey Decimal Classification |
| Call number suffix | MUR |
| Classification part | 658 |
No items available.
